OECD Development Co-operation Peer Reviews: Korea 2018

Na minha lista:
Detalhes bibliográficos
Formato: Livro
Idioma:inglês
Publicado em: Paris OECD 2018
Colecção:OECD Development Co-operation Peer Reviews
Assuntos:
Tags: Adicionar Tag
Sem tags, seja o primeiro a adicionar uma tag!

MARC

LEADER 00000nam a2200000 4500
001 0241993
005 20221220065715.1
020 |a 978-92-64-28881-2 
041 0 |a eng 
044 |a FR 
245 1 0 |a OECD Development Co-operation Peer Reviews: Korea 2018 
264 1 |a Paris  |b OECD  |c 2018 
300 |a 125 s. 
490 1 |a OECD Development Co-operation Peer Reviews 
830 0 |a OECD Development Co-operation Peer Reviews 
610 2 0 |a rozvoj trvalo udržateľný 
610 2 0 |a financovanie 
610 2 0 |a rozhodovanie 
610 2 0 |a spolupráca medzinárodná 
610 2 0 |a pomoc humanitárna 
610 2 0 |a Kórea